Phytobiont and Ecosystem Restitution

This book offers present-day retrospectives and future perspectives on 'phytobiont' studies in the context of phyto-micro restitution, filling some of the information gaps in this promising research field. It discusses several ecosystem restitution strategies using dissimilar groups of mic...

Ausführliche Beschreibung

Gespeichert in:
Bibliographische Detailangaben
Format: Elektronisch E-Book
Sprache:Englisch
Veröffentlicht: Singapore : Springer Singapore , 2018.
Ausgabe:1st ed. 2018.
Schlagworte:
ISBN:9789811311871
Online-Zugang: Volltext
Tags: Tag hinzufügen
Keine Tags, Fügen Sie den ersten Tag hinzu!

MARC

LEADER 00000nam a22000005i 4500
003 SK-BrCVT
005 20220618101608.0
007 cr nn 008mamaa
008 181231s2018 si | s |||| 0|eng d
020 |a 9789811311871 
024 7 |a 10.1007/978-981-13-1187-1  |2 doi 
035 |a CVTIDW12667 
040 |a Springer-Nature  |b eng  |c CVTISR  |e AACR2 
041 |a eng 
245 1 0 |a Phytobiont and Ecosystem Restitution  |h [electronic resource] /  |c edited by Vivek Kumar, Manoj Kumar, Ram Prasad. 
250 |a 1st ed. 2018. 
260 1 |a Singapore :  |b Springer Singapore ,  |c 2018. 
300 |a X, 487 p. 73 illus., 30 illus. in color.  |b online resource. 
500 |a Biomedical and Life Sciences  
505 0 |a Role of Plants and Microbes in Bioremediation of Petroleum Hydrocarbons Contaminated Soils -- Nanobiotechnology Approaches for Crop Protection -- Roles of Plants and Bacteria in Bioremediation of Petroleum in Contaminated Soils -- Recent Advances in Microbial Remediation of Textile Azo Dyes -- Application of Plant-Microbe Interactions in Contaminated Agro-ecosystem Management -- Phytoremediation for the Elimination of Metals, Pesticides, PAHs, and other Pollutants from Wastewater and Soil -- Bioremediation of Heavy Metals and Hydrocarbon Polluted Environments -- Bioremediation of Contaminants -- Modeling Applications in Environmental Bioremediation Studies -- Study on Clinopathological and Biochemical Changes in Some Freshwater Fishes Infected With External Parasites and Subjected to Heavy Metals Pollution in Egypt -- Bioremediation of Azo Dyes -- Development of Field Platforms for Bioremediation of Heavy Metal Contaminated Site -- Seasonal Variations and Prevalence of Some External Parasites Affecting Freshwater Fishes Reared at Upper Egypt -- Biocontrol Agents as Strategy of Agro-ecosystem Management to Restitution of Productive Soils for Food Production -- Heavy metals, polycyclic aromatic hydrocarbons (PAHs), radioactive materials, Xenobiotic, Pesticides, Hazardous chemicals and dyes bioremediation -- Rhizospheric Microbe-Plant Exudate Formulation for Enhanced Restoration of Contaminated Agricultural Soil -- Rhizoremediation of Azodyes by Constructed Wetland Technology using Typha latifolia -- Some Investigations observed in Culture Seabass (Dicentrarchus labrax L.) infested with Lernanthropus kroyeri and Nerocila orbignyi and Exposed to Cadmium Pollution during different seasons at Dammaitte province -- Bioremediation of Polyaromatic Hydrocarbons: Current Status and Recent Advances -- Microbial Assisted Phytoremediation for Heavy Metal Contaminated Soils -- Implementation of Trichoderma spp. for Conservation of Soil Health -- Water Quality Assessment and Treatment of Pharmaceutical Industry Waste Water: A Case Study of Pharmacity Selaqui, Dehradun of Uttarakhand State, India -- Phytobionts of Wastewater and Restitution -- Role of Fungi in Dye Removal -- Does Mycoremediation Reduces the Soil Toxicant? -- The Importance of Plant-Microbes Interaction for the Bioremediation of Dyes and Heavy Metals -- Bioremediation of Textile dyes: Appraisal of conventional and Biological Approaches -- Plant-Microbe Association to Improve Phytoremediation of Heavy Metal. 
516 |a text file PDF 
520 |a This book offers present-day retrospectives and future perspectives on 'phytobiont' studies in the context of phyto-micro restitution, filling some of the information gaps in this promising research field. It discusses several ecosystem restitution strategies using dissimilar groups of microbes alone or in association with plants, as well as advances in metagenomics technology for studying in situ micro and macro communities in contaminated soil. It addresses topics such as the status quo, and the perspectives of microbial researchers and scientists, foresters, students, environmentalists, agriculturists and professional engineers. The rising pollution levels caused by xenobiotics is one of the biggest problems of our times, and as such the book comprehensively elaborates the latest research in this field and describes how the issue can be tackled using micro-organisms. With detailed diagrams and illustrations, the book is a valuable resource for experts and novices in the field of microbial bioremediation, phyto-bioremediation and environmental microbiology. 
650 0 |a Biomedical engineering. 
650 0 |a Microbiology. 
650 0 |a Environmental engineering. 
650 0 |a Biotechnology. 
650 0 |a Water pollution. 
856 4 0 |u http://hanproxy.cvtisr.sk/han/cvti-ebook-springer-eisbn-978-981-13-1187-1  |y Vzdialený prístup pre registrovaných používateľov 
910 |b ZE09947 
919 |a 978-981-13-1187-1 
974 |a andrea.lebedova  |f Elektronické zdroje 
992 |a SUD 
999 |c 237854  |d 237854